| 000 | 00920nam a2200253Ia 4500 | ||
|---|---|---|---|
| 003 | OSt | ||
| 005 | 20221005110423.0 | ||
| 006 | a|||||r|||| 00| 0 | ||
| 007 | ta | ||
| 008 | 221004b |||||||| |||| 00| 0 hin d | ||
| 020 |
_a9789380146591 (hbk) _cIndian Rupees 2500 |
||
| 024 | _a41017 | ||
| 037 |
_bGift, 08/01/2019, _cTextual |
||
| 040 |
_aCRL _cCRL _bhin |
||
| 041 |
_2hin _ahin |
||
| 082 | _aO152,1N281x, Q0.1-.4 | ||
| 100 | _aपंत, प्रदीप, संपा. | ||
| 245 | 0 | _aवीरेन्द्र मिश्र गीत समग्र | |
| 246 | _aVīrendra mishra gīt samagra | ||
| 260 |
_aनई दिल्ली _bकिताबघर प्रकाशन भारत _c2010 |
||
| 490 | _vभाग 1 | ||
| 942 |
_hO152,1N281x, Q0.1-.4 _cTEXL _2cc |
||
| 999 |
_c1018751 _d1018751 |
||